| 000 | 00995nam a22002297a 4500 | ||
|---|---|---|---|
| 005 | 20240530110450.0 | ||
| 008 | 150506s2010 jo g 000 0 ara d | ||
| 017 |
_a2009/6/2693 _bالاردن . دار الكتب الاردنية |
||
| 040 | _aEG-CaGPL | ||
| 082 | 0 | 4 |
_221 _a929.1\ _bع ن |
| 100 | 0 | _aعلاءالدين المدرس | |
| 245 | 1 | 2 |
_aالنسب و المصاهرة بين اهل البيت و الصحابة : _bمع رؤية للسيرة الاجتماعية و الاحداث التاريخية فى صدر الاسلام / _cعلاءالدين المدرس |
| 250 | _aط1 | ||
| 260 |
_aاربد (الاردن ) : _bدار الامل للنشر و التوزيع ، _c2010 . |
||
| 300 |
_a374 ص ؛ _c24 سم . |
||
| 650 | 0 | 4 | _aالانساب العربية |
| 650 | 0 | 4 | _aزواج اهل البيت |
| 650 | 0 | 4 | _aالقبائل العربية |
| 650 | 0 | 4 |
_aاهل بيت الرسول _xالانساب |
| 942 |
_2ddc _cBK |
||
| 999 |
_c61239 _d61239 |
||